Toxic mold liability update (Record no. 77285)
[ view plain ]
| 000 -LEADER | |
|---|---|
| fixed length control field | 01242cab a2200217 4500 |
| 001 - CONTROL NUMBER | |
| control field | ##L133957 |
| 008 - FIXED-LENGTH DATA ELEMENTS--GENERAL INFORMATION | |
| fixed length control field | 060623n2006 000 0 eng u |
| 035 ## - SYSTEM CONTROL NUMBER | |
| System control number | (Sirsi) u133957 |
| 041 0# - LANGUAGE CODE | |
| Language code of text/sound track or separate title | eng |
| 100 1# - MAIN ENTRY--PERSONAL NAME | |
| Personal name | Aalberts, Robert J. |
| 245 00 - TITLE STATEMENT | |
| Title | Toxic mold liability update |
| Remainder of title | implications of Kilian v Equity Residential Trust |
| 260 ## - PUBLICATION, DISTRIBUTION, ETC. | |
| Date of publication, distribution, etc. | 2006 |
| 490 #4 - SERIES STATEMENT | |
| Series statement | The Appraisal Journal |
| Volume/sequential designation | 74(2) Spring 2006, 174-182(9) |
| 520 ## - SUMMARY, ETC. | |
| Summary, etc. | Looks at the 2004 federal district court decision in "Kilian v Equity Residential Trust" and its impact on toxic mould litigation. The court dismissed a mould-related claim based on scientific evidence showing that only a limited number of people are vulnerable to the effects of mould. This suggests that the impact of a history of mould in a property may be less than previously predicted. However, real estate appraisers must continue to be observant in their assignments of abnormal conditions such as mould that might have an impact on value. [Taken from journal abstract]. |
| 590 ## - LOCAL NOTE (RLIN) | |
| Local note | IKA040706 |
| 651 #4 - SUBJECT ADDED ENTRY--GEOGRAPHIC NAME | |
| Geographic name | UNITED STATES |
| 690 ## - LOCAL SUBJECT ADDED ENTRY--TOPICAL TERM (OCLC, RLIN) | |
| Topical term or geographic name as entry element | MANAGEMENT-HEALTH AND SAFETY-HAZARDOUS SUBSTANCES-TOXIC MOULD |
| 690 ## - LOCAL SUBJECT ADDED ENTRY--TOPICAL TERM (OCLC, RLIN) | |
| Topical term or geographic name as entry element | PROPERTY-PROPERTY VALUATION AND APPRAISAL |
| 700 1# - ADDED ENTRY--PERSONAL NAME | |
| Personal name | Hoyt, Richard W. |
| 942 ## - ADDED ENTRY ELEMENTS (KOHA) | |
| Suppress in OPAC | 0 |
| Withdrawn status | Lost status | Source of classification or shelving scheme | Damaged status | Not for loan | Home library | Current library | Shelving location | Date acquired | Total Checkouts | Full call number | Barcode | Date last seen | Copy number | Price effective from | Koha item type |
|---|---|---|---|---|---|---|---|---|---|---|---|---|---|---|---|
| Dewey Decimal Classification | London | London | Journal article | 23/06/2006 | L133957 | 133957-1001 | 06/08/2019 | 1 | 06/08/2019 | Journal article |